Tagore’s paintings : (Record no. 63753)

MARC details
000 -LEADER
fixed length control field 02560nam a22003617a 4500
005 - DATE AND TIME OF LATEST TRANSACTION
control field 20120305120339.0
010 ## - LCCN (DPL NO)
LC control number ENG-104860 B-462354-358 G-002128 B-463552
020 ## - INTERNATIONAL STANDARD BOOK NUMBER
International Standard Book Number 9788189738945
Terms of availability 1250.00
035 ## - SYSTEM CONTROL NUMBER
System control number EN-88393 B-462354-358 B-463552
037 ## - SOURCE OF ACQUISITION
Source of stock number/acquisition DBAD/PUB
037 ## - SOURCE OF ACQUISITION
Source of stock number/acquisition K.K.Pub/Ven
082 ## - DEWEY DECIMAL CLASSIFICATION NUMBER
Classification number 759.95414
100 ## - MAIN ENTRY--PERSONAL NAME
Personal name Som, Sovon
245 ## - TITLE STATEMENT
Title Tagore’s paintings :
Statement of responsibility, etc by Sovon Som.; edited by Madhuparna Banerjee
Remainder of title versification in line /
260 ## - PUBLICATION, DISTRIBUTION, ETC. (IMPRINT)
Place of publication, distribution, etc New Delhi
Name of publisher, distributor, etc Niyogi Books
Date of publication, distribution, etc 2011
270 ## - ADDRESS
Address D-78, Okhla Industrial Area, Phase-I
City New Delhi
Postal code 110020
300 ## - PHYSICAL DESCRIPTION
Extent 95p. :
Dimensions 28cm(Hb)
Other physical details ill. (chiefly col.)
500 ## - GENERAL NOTE
General note Includes bibliographical references (p. 87) and index.
600 ## - SUBJECT ADDED ENTRY--PERSONAL NAME
Personal name Tagore, Rabindranath
Dates associated with a name 1861-1941.
General subdivision Themes, motives.
650 ## - SUBJECT ADDED ENTRY--TOPICAL TERM
Topical term or geographic name as entry element Painting, Indic
General subdivision Themes, motives.
700 ## - ADDED ENTRY--PERSONAL NAME
Personal name Banerjee,Madhuparna
9 (RLIN) 43393
942 ## - ADDED ENTRY ELEMENTS (KOHA)
Source of classification or shelving scheme Dewey Decimal Classification
Item type English Books
Classification part 759.95414
Call number suffix SOM
Holdings
Withdrawn status Lost status Not for loan Collection code Home library Current library Date acquired Source of acquisition Cost, normal purchase price Full call number Barcode Copy number Cost, replacement price Koha item type
    Not For Loan Reference Central Library Central Library 11/07/2012 K.K.Pub/1708/26.12.2011/25/18.01.2012/15.02.2012 1250.00 759.95414 SOM B-462354 1 1250.00 English Books
    Not For Loan Non-fiction D.B.Act.Division D.B.Act.Division 05/03/2012 DBAD/PUB 1250.00 759.95414 SOM EN-88393 1 1250.00 English Books
    Not For Loan Reference Karol Bagh Karol Bagh 11/07/2012 K.K.Pub/1708/26.12.2011/25/18.01.2012/15.02.2012 1250.00 759.95414 SOM B-462357 1 1250.00 English Books
    Not For Loan Non-fiction Narela Narela 10/09/2012 RBC/27483/6.02.2012/26/18.01.2012/17.02.2012 1250.00 759.95414 SOM B-463552 1 1250.00 English Books
    Not For Loan Reference Patel Nagar Patel Nagar 11/07/2012 K.K.Pub/1708/26.12.2011/25/18.01.2012/15.02.2012 1250.00 759.95414 SOM B-462355 1 1250.00 English Books
    Not For Loan Reference Sarojini Nagar Sarojini Nagar 11/07/2012 K.K.Pub/1708/26.12.2011/25/18.01.2012/15.02.2012 1250.00 759.95414 SOM B-462356 1 1250.00 English Books
    Not For Loan Reference Shahdara Branch Shahdara Branch 11/07/2012 K.K.Pub/1708/26.12.2011/25/18.01.2012/15.02.2012 1250.00 759.95414 SOM B-462358 1 1250.00 English Books
    Not For Loan Non-fiction Vinoba Puri Vinoba Puri 31/08/2012 Gift   759.95414 SOM G-002128 1   English Books

© Delhi Public Library
Hit Counter
free hit counter